Vista normal Vista MARC

Entrada Materia (corporativa)

Número de registros utilizados en: 1

001 - CONTROL NUMBER

  • control field: 78593

003 - CONTROL NUMBER IDENTIFIER

  • control field: Co-BoUCM

005 - DATE AND TIME OF LATEST TRANSACTION

  • control field: 20160810102018.0

008 - FIXED-LENGTH DATA ELEMENTS

  • fixed length control field: 160810|| aca||aabn | a|a d

040 ## - CATALOGING SOURCE

  • Original cataloging agency: Co-BoUCM
  • Transcribing agency: Co-BoUCM

110 ## - HEADING--CORPORATE NAME

  • Corporate name or jurisdiction name as entry element: Université de Louvain (1425-1797) [Universidad de Lovaina]

670 ## - SOURCE DATA FOUND

  • Source citation: Work cat.: (Co-BoUCM)69368: Université de Louvain (1425-1797) [Universidad de Lovaina], Commentaria in Isagogen Porphyrii, et in omnes libros Aristotelis De Dialectica,, 1553